[Event "Jundiai op 4th"]
[Site "Jundiai"]
[Date "2023.07.23"]
[Round "5"]
[White "Casanova, Jonas Bonani"]
[Black "Torres, Joao Pedro Silva"]
[Result "0-1"]
[WhiteElo "1800"]
[BlackElo "1803"]
[PlyCount "59"]
[EventDate "2023.07.21"]
[EventType "swiss"]
[EventRounds "5"]
[EventCountry "BRA"]
[SourceTitle "CBM 215 Extra"]
[Source "ChessBase"]
[SourceDate "2023.09.30"]
[SourceVersion "1"]
[SourceVersionDate "2023.09.30"]
[SourceQuality "1"]

1. d4 Nf6 2. Nf3 g6 3. Bf4 Bg7 4. e3 d6 5. Bd3 0-0 6. c3 Bg4 7. 0-0 Nfd7 8. Nbd2 e5 9. Bg3 exd4 10. cxd4 Nc6 11. Qb3 Nb6 12. Rac1 Be6 13. Nc4 Na5 14. Qb5 Naxc4 15. Bxc4 Bxc4 16. Rxc4 Nxc4 17. Qxc4 Qd7 18. b3 Qc6 19. Qd3 a5 20. Qd2 Ra6 21. Rc1 Qd7 22. Ne1 Rc6 23. Rxc6 Qxc6 24. Nd3 Ra8 25. h3 Ra6 26. a3 Qb5 27. b4 axb4 28. axb4 Qc4 29. Nf4 Ra1+ 30. Kh2 0-1

[Event "Jundiai op 4th"]
[Site "Jundiai"]
[Date "2023.07.22"]
[Round "3"]
[White "Casanova, Jonas Bonani"]
[Black "Barros, Jardel Teti"]
[Result "0-1"]
[WhiteElo "1800"]
[BlackElo "1471"]
[PlyCount "42"]
[EventDate "2023.07.21"]
[EventType "swiss"]
[EventRounds "5"]
[EventCountry "BRA"]
[SourceTitle "CBM 215 Extra"]
[Source "ChessBase"]
[SourceDate "2023.09.30"]
[SourceVersion "1"]
[SourceVersionDate "2023.09.30"]
[SourceQuality "1"]

1. e4 e5 2. Nf3 Nf6 3. Nc3 Bb4 4. d3 Nc6 5. Be2 d5 6. 0-0 Bxc3 7. bxc3 dxe4 8. Ng5 exd3 9. cxd3 0-0 10. Ba3 Re8 11. Qb3 Qd5 12. Qxd5 Nxd5 13. Bb2 Nf4 14. Rfe1 Bf5 15. d4 exd4 16. cxd4 Rxe2 17. Rxe2 Nxe2+ 18. Kf1 Nexd4 19. Rd1 h6 20. Nf3 Nxf3 21. gxf3 Rd8 0-1

[Event "Jundiai op 4th"]
[Site "Jundiai"]
[Date "2023.07.22"]
[Round "2"]
[White "Pironti, Francisco Ferrari"]
[Black "Casanova, Jonas Bonani"]
[Result "1-0"]
[WhiteElo "1959"]
[BlackElo "1800"]
[PlyCount "80"]
[EventDate "2023.07.21"]
[EventType "swiss"]
[EventRounds "5"]
[EventCountry "BRA"]
[SourceTitle "CBM 215 Extra"]
[Source "ChessBase"]
[SourceDate "2023.09.30"]
[SourceVersion "1"]
[SourceVersionDate "2023.09.30"]
[SourceQuality "1"]

1. e4 e5 2. Bc4 Nf6 3. d3 Nc6 4. Nc3 Na5 5. Nf3 Nxc4 6. dxc4 d6 7. 0-0 Be6 8. c5 a6 9. Bg5 Be7 10. Qd3 Nd7 11. Bxe7 Qxe7 12. cxd6 Qxd6 13. Qxd6 cxd6 14. Rfd1 Ke7 15. Nd5+ Bxd5 16. Rxd5 Nf6 17. Rd3 Nxe4 18. Re1 Nc5 19. Rd5 Rhd8 20. Nxe5 dxe5 21. Rxc5 f6 22. Rc7+ Rd7 23. Rxd7+ Kxd7 24. Rd1+ Ke7 25. Kf1 Rd8 26. Rxd8 Kxd8 27. Ke2 Kd7 28. Kd3 f5 29. b4 Kc6 30. a4 b5 31. axb5+ axb5 32. c4 bxc4+ 33. Kxc4 g5 34. b5+ Kb6 35. Kd5 e4 36. Ke5 f4 37. Kxe4 Kxb5 38. Kf5 h6 39. Kg6 Kc5 40. Kxh6 Kd5 1-0

[Event "Jundiai op 4th"]
[Site "Jundiai"]
[Date "2023.07.21"]
[Round "1"]
[White "Casanova, Jonas Bonani"]
[Black "Ricci, Lucas Estremes"]
[Result "1-0"]
[WhiteElo "1800"]
[BlackElo "1541"]
[PlyCount "65"]
[EventDate "2023.07.21"]
[EventType "swiss"]
[EventRounds "5"]
[EventCountry "BRA"]
[SourceTitle "CBM 215 Extra"]
[Source "ChessBase"]
[SourceDate "2023.09.30"]
[SourceVersion "1"]
[SourceVersionDate "2023.09.30"]
[SourceQuality "1"]

1. d4 Nf6 2. Nf3 g6 3. Bf4 Bg7 4. e3 d6 5. Bd3 0-0 6. 0-0 Nbd7 7. Nbd2 h6 8. h3 c5 9. c3 b6 10. Rc1 Bb7 11. Re1 Kh7 12. Qc2 Rc8 13. Qb1 Nh5 14. Bh2 e5 15. dxe5 Nxe5 16. Nxe5 dxe5 17. Rcd1 Qe7 18. Be4 f5 19. Bxb7 Qxb7 20. e4 Nf4 21. Nc4 Qe7 22. Bxf4 exf4 23. exf5 Qh4 24. fxg6+ Kh8 25. Rd7 f3 26. Qe4 Rf4 27. Qd5 fxg2 28. Qxg2 Rxc4 29. Rxg7 Kxg7 30. Qb7+ Kxg6 31. Re6+ Kf5 32. Qf7+ Kg5 33. Re5# 1-0